00834nam a2200229 a 450000100060000000300080000600500170001400800410003103500190007204000430009104100110013408200300014510000180017524501820019326000310037530000280040650000850043450000200051950400260053965000110056570000280057673504BD-RjUL20211209082414.0170603s1966 enka b 001 0 eng  a(BD-RjUL)73722 aDLCcIRoCdIRoCdUkdDLCdBD-RjULbeng1 aengdan 223a635.9333734bKIM 19661 aKiaer, Eigil 10aMethuen handbook of roses /cby Eigil Kiaer ; with illustrations by Verner Hancke ; translated [from the Danish] by Gwynne Vevers ; with additional material by Fred Fairbrother. aLondon :bMethuen,cc1966. a111 p. :bill.;c25 cm. aOriginally published as Den store rosenbog, Copenhagen, Politikens Forlag, 1965. aIncludes index. aBibliography: p. 109. 0aRoses.1 aHancke, Verner,eillus.